00615nam a2200193Ia 450000500170000000800410001702000150005804000180007304100080009108200210009910000230012024500730014325000060021626000490022230000280027165000360029965000420033565000440037720230708100147.0210716s2002 xx 000 0 und d a9812431187 cAIMIT LIBRARY aeng a004.65 21bPALM aPalmer, Michael J. aHands on networking essentials with projects /cBy Michael J Palmer. a1 aNew Delhi :bVikas Publishing House ,c2002. axxi,432p. ;bPBc26 cm. aNetworking standards and models aTechnologies and communications media aNetwork transport systems and protocols